Quan ens haguem torturat prou. La ciutat /
ISBN:
9788418022555
Descripción Física:
185 p. ; 18 cm.
Colección:
Dramaticles
; 23
Idioma:
Catalán
MARC
| LEADER | 00000nam a22000007a 4500 | ||
|---|---|---|---|
| 001 | 25136 | ||
| 008 | 220208b spa||||| |||| 00| 0 cat d | ||
| 017 | |a B 18414-2020 | ||
| 020 | |a 9788418022555 | ||
| 020 | |a 9788498039504 | ||
| 100 | 1 | |9 52475 |a Crimp, Martin, |d 1956- | |
| 245 | |a Quan ens haguem torturat prou. La ciutat / |c Martin Crimp ; traducció de Víctor Muñoz i Calafell ; pròleg de Sadurní Vergés | ||
| 260 | |a Barcelona : |b Comanegra : |b Institut del Teatre ; |c 2020 | ||
| 300 | |a 185 p. ; |c 18 cm. | ||
| 490 | |a Dramaticles |v 23 | ||
| 700 | 1 | |a Muñoz i Calafell, Víctor |e traductor |9 52476 | |
| 700 | 1 | |a Vergés, Sadurní, |d 1977- |e autor del pròleg |9 52477 | |
| 942 | |2 udc |c ARXIU |n 1 | ||
| 952 | |0 0 |1 0 |2 udc |4 0 |6 BIB408 |7 1 |9 60972 |a Arxiu |b Arxiu |d 2022-02-08 |o Bib-408 |p 25136 |r 2022-02-08 00:00:00 |w 2022-02-08 |y ARXIU | ||
| 999 | |c 81097 |d 81097 | ||